000
00288nam a22001337a 4500
008
171023b xxu||||| |||| 00| 0 eng d
020
_a
9781452203409
041
_a
eng
080
_2
6TH
_a
658
100
_a
54
101
_a
LID
245
_a
LEADERSHIP
_c
NORTHOUSE,P.G
942
_2
udc
_c
BK
999
_c
35392
_d
35392